Central Library OPAC University of Rajshahi

A Review of the biological control attempts against insects and weeds in Canada / (Record no. 14390)

MARC details
000 -LEADER
fixed length control field 01315cam a2200337 a 4500
001 - CONTROL NUMBER
control field 14390
003 - CONTROL NUMBER IDENTIFIER
rucl marc code BD-RjUL
005 - DATE AND TIME OF LATEST TRANSACTION
control field 20211208235623.0
008 - FIXED-LENGTH DATA ELEMENTS--GENERAL INFORMATION
fixed length control field 140205s1962 enka b 001 0 eng d
035 ## - SYSTEM CONTROL NUMBER
System control number (BD-RjUL)14442
040 ## - CATALOGING SOURCE
Original cataloging agency USNLM
Language of cataloging eng
Transcribing agency USNLM
Modifying agency BD-RjUL
041 ## - LANGUAGE CODE
Language code of text/sound track or separate title eng
060 00 - NATIONAL LIBRARY OF MEDICINE CALL NUMBER
Classification number W1
Item number TE135I no.2 1962
082 04 - DEWEY DECIMAL CLASSIFICATION NUMBER
Classification number 595.7
Author mark and year MCR 1962
100 1# - MAIN ENTRY--PERSONAL NAME
Personal name McLeod, J. H.
9 (RLIN) 44888
245 02 - TITLE STATEMENT
Title A Review of the biological control attempts against insects and weeds in Canada /
Statement of responsibility, etc. J. H. McLeod and H. C. Coppel.
260 ## - PUBLICATION, DISTRIBUTION, ETC. (IMPRINT)
Place of publication, distribution, etc. Farnham Royal, Eng. :
Name of publisher, distributor, etc. Commonwealth Agricultural Bureaux,
Date of publication, distribution, etc. 1962.
300 ## - PHYSICAL DESCRIPTION
Pagination xi, 216 p. :
Illustrations ill.;
Size 26 cm.
504 ## - BIBLIOGRAPHY, ETC. NOTE
Bibliography, etc Includes bibliographical references and index.
505 00 - FORMATTED CONTENTS NOTE
Formatted contents note Pt. 1.
Title Biological control of pests of crops fruit trees, ornamentals, and weeds in Canada up to 1959 /
-- Biological control of forest insects, 1910-1958 /
650 #2 - SUBJECT ADDED ENTRY--TOPICAL TERM
Topical term or geographic name as entry element Insects.
9 (RLIN) 44890
Topical term or geographic name as entry element Insects control.
9 (RLIN) 44891
Topical term or geographic name as entry element Herbicides.
9 (RLIN) 44892
Topical term or geographic name as entry element Insect pests
General subdivision Control.
9 (RLIN) 38483
Topical term or geographic name as entry element Insects.
9 (RLIN) 44893
Topical term or geographic name as entry element Herbicides.
9 (RLIN) 44894
700 1# - ADDED ENTRY--PERSONAL NAME
Personal name Coppel, H. C.
710 2# - ADDED ENTRY--CORPORATE NAME
Corporate name or jurisdiction name as entry element Commonwealth Institute of Biological Control.
9 (RLIN) 44896
942 ## - ADDED ENTRY ELEMENTS (KOHA)
Source of classification or shelving scheme Dewey Decimal Classification
Koha item type Books
Holdings
Lost status Source of classification or shelving scheme Damaged status Not for loan Collection code Permanent Location Current Location Shelving location Date acquired Source of acquisition Cost, normal purchase price Total Checkouts Full call number Date last seen Copy number Koha item type
  Dewey Decimal Classification   Not For Loan Non-fiction Central Library, University of Rajshahi Central Library, University of Rajshahi Reading Room 03/05/1968 Zeitlinger 40.00   595.7 MCR 1962 05/02/2014 C-1 Books